00983nam0a22002411 4500001003100000005001700031035002600048100004100074101000800115102000700123105001800130200029100148210001500439215002000454606011300474620001700587686002500604686002400629686002200653801002200675801002300697852002100720RU\INFOCOMM_322\NLR\500007639120250613102453.0 a(NLR Aleph) 009444669 a20121127d1977 |||y0rusy50 ca0 afre aRU ay z |||||1 aInfractions commises par imprudence, méthodes et moyens modernes de leur répressioneRapport généralfAssoc. intern. de droit pénal. Colloque intern. "Les infractions commises par imprudence, leur prévention et le traitement des délinquants", Moscou, les 19-24 déc. 1977 a[M.]d1977 a24 с.d20 см aПреступностьxПредупреждениеxСъезды, совещания и т. п.2nlr_sh1 aМосква aХ628.Зя4312rubbk aХ638.1я4312rubbk aХ883я4312rubbk 1aRUbNLRc20121127 0aRUbINFOCOMMgPSBO aNLRjП81 Д-4/3